Історія пам'ятника митрополитові Василеві Липківському (Запис № 571987)

МАРК-запис
000 -Лідер
fixed length control field 00872 a2200241 4500
001 - Контрольний номер
control field 216222009
003 - Ідентифікатор контрольного номера
control field UA-OsUOA
005 - Дата та час останнього входження (трансакції)
control field 20220302212402.0
008 - Елементи даних фіксованої довжини – загальна інформація
fixed length control field 220201b un ||||| |||| 00| 0 ukr d
040 ## - Джерело каталогізації
Агенція оригінальної каталогізації UA-OsUOA
Мова каталогізації ukr
Агенція, яка здійснювала перезапис UA-OsUOA
Агенція, яка здійснювала модифікацію UA-OsUOA
041 ## - Код мови
Код мови тексту/ звукової доріжки чи окремого заголовка (П) ukr
080 ## - Індекс Універсальної десяткової класифікації
Індекс Універсальної десяткової класифікації (УДК) (НП) 94(477).152 США
090 ## - Локальний шифр розміщення
Класифікаційний індекс УДК 94(477).152 США
Авторський знак (НП) М33
100 ## - Основне введення – ім’я особи
Ім’я особи (НП) Матула П.
245 ## - Відомості про назву
Назва (НП) Історія пам'ятника митрополитові Василеві Липківському
Дані про відповідальність (НП) Петро Матула
260 ## - Публікація, розповсюдження і т.п. (Вихідні дані)
Дата публікації, розповсюдження і т.п. (П) 2009
Місце публікації, розповсюдження і т.п. (П) Вашінгтон
300 ## - Фізичний опис
Обсяг 204 с.
591 ## - Дарувальник
Прізвище та ініціали особи Ольга Матула
650 ## - Додаткове предметне введення – тематичний термін
Джерело заголовка чи терміна UDC
Тематичний термін чи географічна назва, як елемент введення (НП) 94(477).152 Українці за межами України
942 ## - Додаткові елементи входу (Коха)
Тип елемента Koha Книги
Source of classification or shelving scheme Universal Decimal Classification
955 ## - Код типу видання за змістом
Код типу видання за змістом (НП) Науково-популярні видання
Фонди
Стан вилучень Стан втрат Джерело класифікації або схеми стелажів Стан уражень Не для кредиту Постійне місце розташування Поточне розміщення Дата придбання Джерело придбання Вартість, звичайна ціна покупки Інвентарний номер Усього замовленно Повний номер виклику Штрих-код Дата останнього перегляду Ціна ефективна від Тип елемента Koha
    Universal Decimal Classification     Наукова бібліотека ІДУД Наукова бібліотека ІДУД 01/02/2022 Акт надходження № 1 (25.01.2022 від О. Матули) 1.00 2140176   94(477).152 США М33 2140176 01/02/2022 01/02/2022 Книги